[Event "Eliminacje Miedzywojewodzkie MA-WM C13"]
[Site "Brok"]
[Date "2022.09.13"]
[Round "3.4"]
[White "Terkiewicz, Bruno"]
[Black "Kryston, Aleksander"]
[Result "1/2-1/2"]
[BlackElo "1281"]
[WhiteElo "1846"]
[LiveChessVersion "1.4.8"]

1. e4 {[%clk 1:30:58]} c5 {[%clk 1:30:52]} 2. Nf3 {[%clk 1:31:25]} d6
{[%clk 1:31:10]} 3. d4 {[%clk 1:31:52]} cxd4 {[%clk 1:31:25]} 4. Nxd4
{[%clk 1:32:18]} Nf6 {[%clk 1:31:47]} 5. Nc3 {[%clk 1:32:44]} g6 {[%clk 1:32:09]}
6. Be3 {[%clk 1:33:08]} Bg7 {[%clk 1:32:33]} 7. f3 {[%clk 1:33:33]} O-O
{[%clk 1:32:55]} 8. Qd2 {[%clk 1:33:58]} Nc6 {[%clk 1:33:05]} 9. g4
{[%clk 1:34:24]} Bd7 {[%clk 1:32:50]} 10. h4 {[%clk 1:34:38]} h5 {[%clk 1:31:58]}
11. gxh5 {[%clk 1:27:50]} Nxh5 {[%clk 1:32:01]} 12. O-O-O {[%clk 1:26:12]} a6
{[%clk 1:12:43]} 13. Kb1 {[%clk 1:25:02]} b5 {[%clk 1:08:01]} 14. Nxc6
{[%clk 1:23:00]} Bxc6 {[%clk 1:08:12]} 15. Bh6 {[%clk 1:23:05]} Rc8
{[%clk 1:02:22]} 16. Bxg7 {[%clk 1:22:53]} Kxg7 {[%clk 1:02:30]} 17. Qd4+
{[%clk 1:21:54]} Kg8 {[%clk 0:59:59]} 18. Bh3 {[%clk 1:18:52]} Bd7
{[%clk 0:56:53]} 19. Bg4 {[%clk 1:13:15]} Ng3 {[%clk 0:50:54]} 20. Rh2
{[%clk 1:07:27]} Rc4 {[%clk 0:27:47]} 21. Qd3 {[%clk 1:05:49]} f5
{[%clk 0:22:39]} 22. Rg1 {[%clk 0:53:44]} fxg4 {[%clk 0:17:39]} 23. Rxg3
{[%clk 0:53:56]} Rxf3 {[%clk 0:17:15]} 24. Rxf3 {[%clk 0:54:21]} gxf3
{[%clk 0:17:37]} 25. Qd5+ {[%clk 0:51:27]} e6 {[%clk 0:10:56]} 26. Qd3
{[%clk 0:18:11]} Qf6 {[%clk 0:09:43]} 27. Rf2 {[%clk 0:17:08]} Bc6
{[%clk 0:07:37]} 28. Rxf3 {[%clk 0:15:45]} Qxh4 {[%clk 0:06:47]} 29. Qf1
{[%clk 0:14:33]} Qe7 {[%clk 0:06:09]} 30. b3 {[%clk 0:12:46]} Rd4
{[%clk 0:05:13]} 31. Qg1 {[%clk 0:12:50]} Qg7 {[%clk 0:04:48]} 32. Rg3
{[%clk 0:12:58]} Bxe4 {[%clk 0:05:06]} 1/2-1/2

[Event "Eliminacje Miedzywojewodzkie MA-WM C13"]
[Site "Brok"]
[Date "2022.09.13"]
[Round "3.5"]
[White "Krogulski, Maksymilian"]
[Black "Rajlich, Vaclav"]
[Result "1-0"]
[BlackElo "1289"]
[WhiteElo "1559"]
[LiveChessVersion "1.4.8"]

1. e4 {[%clk 1:31:00]} c5 {[%clk 1:30:55]} 2. Nf3 {[%clk 1:31:29]} Nc6
{[%clk 1:31:13]} 3. c3 {[%clk 1:31:45]} Nf6 {[%clk 1:31:30]} 4. e5
{[%clk 1:32:01]} Nd5 {[%clk 1:31:52]} 5. d4 {[%clk 1:32:24]} d6 {[%clk 1:30:30]}
6. Bb5 {[%clk 1:32:29]} Qb6 {[%clk 1:29:17]} 7. c4 {[%clk 1:31:41]} Nc7
{[%clk 1:28:11]} 8. d5 {[%clk 1:31:00]} Nxb5 {[%clk 1:28:02]} 9. dxc6
{[%clk 1:30:59]} Nd4 {[%clk 1:27:12]} 10. exd6 {[%clk 1:30:25]} exd6
{[%clk 1:26:40]} 11. Nxd4 {[%clk 1:28:30]} cxd4 {[%clk 1:26:56]} 12. cxb7
{[%clk 1:28:53]} Bxb7 {[%clk 1:27:10]} 13. Qe2+ {[%clk 1:28:15]} Kd7
{[%clk 1:24:06]} 14. Qg4+ {[%clk 1:26:18]} Kc7 {[%clk 1:24:06]} 15. O-O
{[%clk 1:24:34]} g6 {[%clk 1:21:55]} 16. Na3 {[%clk 1:24:29]} a6 {[%clk 1:19:03]}
17. Rd1 {[%clk 1:20:29]} Bg7 {[%clk 1:17:53]} 18. Bf4 {[%clk 0:45:04]} Kb8
{[%clk 1:11:50]} 19. Qg3 {[%clk 0:33:58]} Rd8 {[%clk 1:08:30]} 20. Rac1
{[%clk 0:32:03]} Ka7 {[%clk 1:04:47]} 21. c5 {[%clk 0:30:27]} dxc5
{[%clk 1:04:30]} 22. Bc7 {[%clk 0:30:24]} Qc6 {[%clk 1:02:56]} 23. Nc4
{[%clk 0:22:08]} Rac8 {[%clk 1:01:38]} 24. Bxd8 {[%clk 0:21:34]} Rxd8
{[%clk 1:01:55]} 25. Na5 {[%clk 0:21:43]} Qb6 {[%clk 0:59:54]} 26. Nxb7
{[%clk 0:22:01]} Kxb7 {[%clk 0:58:22]} 27. Qf3+ {[%clk 0:21:55]} Kc8
{[%clk 0:58:19]} 28. Qxf7 {[%clk 0:20:45]} Bh6 {[%clk 0:57:47]} 29. Rc4
{[%clk 0:20:05]} Rd7 {[%clk 0:55:18]} 30. Qe8+ {[%clk 0:18:36]} Rd8
{[%clk 0:54:59]} 31. Qe5 {[%clk 0:18:15]} Bf8 {[%clk 0:54:11]} 32. Rdxd4
{[%clk 0:15:15]} Bd6 {[%clk 0:53:42]} 33. Rxd6 {[%clk 0:14:04]} Rxd6
{[%clk 0:54:04]} 34. Qxc5+ {[%clk 0:14:24]} Kd7 {[%clk 0:54:01]} 35. Qc8+
{[%clk 0:14:17]} Ke7 {[%clk 0:54:25]} 36. Re4+ {[%clk 0:13:58]} Kf7
{[%clk 0:54:49]} 37. Qe8+ {[%clk 0:14:18]} Kg7 {[%clk 0:55:01]} 38. Re7+
{[%clk 0:14:24]} Kh6 {[%clk 0:55:13]} 39. Qf8+ {[%clk 0:14:50]} Kh5
{[%clk 0:55:34]} 40. Qf3+ {[%clk 0:15:06]} Kh6 {[%clk 0:55:41]} 41. Qf8+
{[%clk 0:14:39]} Kh5 {[%clk 0:55:56]} 42. Rxh7+ {[%clk 0:14:51]} Kg5
{[%clk 0:55:59]} 43. h4+ {[%clk 0:15:06]} Kg4 {[%clk 0:56:26]} 44. Qf3#
{[%clk 0:15:33]} 1-0

[Event "Eliminacje Miedzywojewodzkie MA-WM C13"]
[Site "Brok"]
[Date "2022.09.13"]
[Round "3.6"]
[White "Klim, Juliusz"]
[Black "Baranowski, Jan"]
[Result "1/2-1/2"]
[BlackElo "1216"]
[WhiteElo "1471"]
[LiveChessVersion "1.4.8"]

1. e4 {[%clk 1:30:58]} c5 {[%clk 1:30:54]} 2. Nf3 {[%clk 1:31:25]} Nc6
{[%clk 1:31:03]} 3. d4 {[%clk 1:31:49]} cxd4 {[%clk 1:31:14]} 4. Nxd4
{[%clk 1:32:16]} g6 {[%clk 1:31:19]} 5. c4 {[%clk 1:32:44]} Bg7 {[%clk 1:31:35]}
6. Be3 {[%clk 1:33:12]} Nf6 {[%clk 1:31:53]} 7. Nc3 {[%clk 1:33:38]} O-O
{[%clk 1:31:46]} 8. Be2 {[%clk 1:33:33]} d6 {[%clk 1:31:50]} 9. O-O
{[%clk 1:33:55]} Bd7 {[%clk 1:31:56]} 10. Qd2 {[%clk 1:34:03]} Rc8
{[%clk 1:32:13]} 11. f3 {[%clk 1:32:16]} a6 {[%clk 1:31:26]} 12. Nd5
{[%clk 1:29:54]} Nxd5 {[%clk 1:25:07]} 13. cxd5 {[%clk 1:27:44]} Nxd4
{[%clk 1:21:40]} 14. Bxd4 {[%clk 1:27:35]} Bxd4+ {[%clk 1:21:14]} 15. Qxd4
{[%clk 1:27:56]} Qc7 {[%clk 1:11:20]} 16. Qe3 {[%clk 1:19:39]} Qc5
{[%clk 1:09:57]} 17. Qxc5 {[%clk 1:17:44]} Rxc5 {[%clk 1:10:15]} 18. Rfc1
{[%clk 1:17:48]} Rfc8 {[%clk 1:10:37]} 19. Rxc5 {[%clk 1:17:34]} Rxc5
{[%clk 1:10:59]} 20. Bd1 {[%clk 1:17:40]} Bb5 {[%clk 1:06:59]} 21. Kf2
{[%clk 1:16:47]} Kg7 {[%clk 1:05:11]} 22. a4 {[%clk 1:15:14]} Bd3
{[%clk 0:59:07]} 23. Ke3 {[%clk 1:13:35]} Bc2 {[%clk 0:57:46]} 24. Kd2
{[%clk 1:10:47]} Bxd1 {[%clk 0:57:59]} 25. Rxd1 {[%clk 1:11:00]} Kf6
{[%clk 0:58:11]} 26. Kd3 {[%clk 0:51:31]} a5 {[%clk 0:54:53]} 27. Rd2
{[%clk 0:49:20]} Ke5 {[%clk 0:53:19]} 28. g3 {[%clk 0:48:44]} f5 {[%clk 0:49:50]}
29. b3 {[%clk 0:37:51]} f4 {[%clk 0:45:48]} 30. Rd1 {[%clk 0:36:08]} g5
{[%clk 0:42:34]} 31. Rg1 {[%clk 0:34:18]} h6 {[%clk 0:41:28]} 32. Re1
{[%clk 0:33:49]} b5 {[%clk 0:40:06]} 33. axb5 {[%clk 0:27:08]} Rxb5
{[%clk 0:40:28]} 34. Kc3 {[%clk 0:23:49]} Rc5+ {[%clk 0:40:47]} 35. Kd3
{[%clk 0:23:43]} Rb5 {[%clk 0:41:07]} 1/2-1/2

[Event "Eliminacje Miedzywojewodzkie MA-WM C13"]
[Site "Brok"]
[Date "2022.09.13"]
[Round "3.7"]
[White "Renn, Grzegorz"]
[Black "Rzap, Filip"]
[Result "0-1"]
[BlackElo "1391"]
[WhiteElo "1203"]
[LiveChessVersion "1.4.8"]

1. e4 c5 2. Nf3 d6 3. d4 cxd4 4. Nxd4 Nf6 5. Nc3 a6 6. Bc4 e6 7. O-O Be7 8. Bb3
b5 9. a3 Bb7 10. f3 O-O 11. Be3 Re8 12. Qe1 Nbd7 13. Qg3 Bf8 14. Rad1 Rc8 15. h4
Kh8 16. Rfe1 Nb6 17. a4 Nc4 18. axb5 Nxb2 19. Nce2 Nxd1 20. Rxd1 Nd7 21. Ba4 axb5
22. Nxb5 Qa5 23. Nec3 Rxc3 24. Nxc3 Qxc3 25. Bd4 Qc7 26. h5 e5 27. Bxd7 Qxd7 28.
Bxe5 Qc6 29. Ba1 Qxc2 30. Re1 Qc5+ 31. Kh2 Qxh5+ 32. Kg1 Qg6 33. Qh3 Bc8 34. Qh2
d5 35. Qc7 Kg8 36. Be5 dxe4 37. Rxe4 Be6 38. Bd6 Rc8 39. Qb7 Bxd6 40. Qxc8+ Bxc8
41. Re8+ Bf8 0-1

[Event "Eliminacje Miedzywojewodzkie MA-WM C13"]
[Site "Brok"]
[Date "2022.09.13"]
[Round "3.8"]
[White "Olszewski, Antoni"]
[Black "Fil, Grzegorz"]
[Result "1-0"]
[BlackElo "1122"]
[WhiteElo "1351"]
[LiveChessVersion "1.4.8"]

1. e4 d5 2. exd5 Qxd5 3. Nc3 Qa5 4. Bc4 Nf6 5. d4 c6 6. Nf3 Bg4 7. O-O e6 8. Re1
Nbd7 9. h3 Nb6 10. Bb3 Bxf3 11. Qxf3 Nbd5 12. Bd2 Qc7 13. Nxd5 Nxd5 14. Bxd5 cxd5
15. Qxd5 Rd8 16. Qe4 Qb6 17. Bc3 Bb4 18. d5 Bxc3 19. bxc3 O-O 20. Rab1 Qa6 21.
dxe6 Qxa2 22. e7 Qa3 23. exd8=Q Rxd8 24. Qe8+ Qf8 25. Qxf8+ Kxf8 26. Rxb7 Ra8 27.
Ree7 a5 28. Rxf7+ Kg8 29. Rxg7+ Kh8 30. Rxh7+ Kg8 31. Rbg7+ Kf8 32. Rh8+ 1-0

[Event "Eliminacje Miedzywojewodzkie MA-WM C13"]
[Site "Brok"]
[Date "2022.09.13"]
[Round "3.9"]
[White "Roclawski, Jakub"]
[Black "Dunalski, Szymon"]
[Result "1-0"]
[BlackElo "1016"]
[WhiteElo "1079"]
[LiveChessVersion "1.4.8"]

1. e4 c5 2. Nf3 Nc6 3. d4 cxd4 4. Nxd4 Nf6 5. Nc3 g6 6. Be3 d6 7. Bb5 Bd7 8. Bxc6
Bxc6 9. f3 Bg7 10. Qd2 O-O 11. O-O-O a6 12. Bh6 Rc8 13. g4 Bd7 14. h4 b5 15. h5
Qc7 16. hxg6 fxg6 17. Bxg7 Kxg7 18. Qh6+ Kf7 19. g5 Ng8 20. Qxh7+ Ke8 21. Qxg6+
Kd8 22. Rh8 Qc4 23. Nd5 e5 24. Rxg8 Rxg8 25. Qxg8+ Be8 26. Ne6+ Kd7 27. Nb6+ 1-0

[Event "Eliminacje Miedzywojewodzkie MA-WM C13"]
[Site "Brok"]
[Date "2022.09.13"]
[Round "4.1"]
[White "Bartodziej, Bartosz"]
[Black "Dobosiewicz, Dawid"]
[Result "1/2-1/2"]
[BlackElo "1730"]
[WhiteElo "1940"]
[LiveChessVersion "1.4.8"]

1. e4 {[%clk 1:28:54]} c6 {[%clk 1:30:57]} 2. d4 {[%clk 1:28:29]} d5
{[%clk 1:31:21]} 3. Nc3 {[%clk 1:28:41]} dxe4 {[%clk 1:31:37]} 4. Nxe4
{[%clk 1:29:08]} Bf5 {[%clk 1:31:46]} 5. Ng3 {[%clk 1:29:31]} Bg6
{[%clk 1:32:09]} 6. h4 {[%clk 1:29:54]} h6 {[%clk 1:32:17]} 7. Nf3
{[%clk 1:30:04]} e6 {[%clk 1:31:14]} 8. h5 {[%clk 1:20:44]} Bh7 {[%clk 1:31:19]}
9. Bd3 {[%clk 1:21:09]} Bxd3 {[%clk 1:31:45]} 10. Qxd3 {[%clk 1:21:35]} Qa5+
{[%clk 1:30:49]} 11. Bd2 {[%clk 1:21:46]} Bb4 {[%clk 1:30:45]} 12. Ne4
{[%clk 1:13:15]} Bxd2+ {[%clk 1:29:09]} 13. Nfxd2 {[%clk 1:12:23]} Qc7
{[%clk 1:16:20]} 14. Nc4 {[%clk 1:05:23]} b5 {[%clk 1:14:35]} 15. Ne5
{[%clk 0:52:43]} Nf6 {[%clk 1:10:22]} 16. Nxf6+ {[%clk 0:41:04]} gxf6
{[%clk 1:10:34]} 17. Nf3 {[%clk 0:40:34]} Nd7 {[%clk 1:08:53]} 18. O-O-O
{[%clk 0:38:41]} Nb6 {[%clk 1:07:46]} 19. Kb1 {[%clk 0:37:22]} O-O-O
{[%clk 1:04:50]} 20. g3 {[%clk 0:25:42]} Qd6 {[%clk 1:00:15]} 21. c3
{[%clk 0:20:57]} Nc4 {[%clk 0:57:52]} 22. Qe4 {[%clk 0:16:08]} Qd5
{[%clk 0:52:02]} 23. Qf4 {[%clk 0:16:14]} f5 {[%clk 0:51:46]} 24. Rhe1
{[%clk 0:15:07]} Qd6 {[%clk 0:44:37]} 25. Qc1 {[%clk 0:12:46]} Rh7
{[%clk 0:37:21]} 26. Ka1 {[%clk 0:10:26]} a5 {[%clk 0:33:45]} 27. b3
{[%clk 0:09:21]} Nb6 {[%clk 0:33:49]} 28. Ne5 {[%clk 0:08:44]} f6
{[%clk 0:19:07]} 29. Nd3 {[%clk 0:07:50]} Nd7 {[%clk 0:18:35]} 30. Nf4
{[%clk 0:06:55]} Nf8 {[%clk 0:17:58]} 31. Rd3 {[%clk 0:06:31]} Rdd7
{[%clk 0:09:44]} 32. Qe3 {[%clk 0:06:27]} Qa3 {[%clk 0:07:44]} 33. Ng6
{[%clk 0:05:46]} Kb7 {[%clk 0:05:28]} 34. Qd2 {[%clk 0:04:03]} Nxg6
{[%clk 0:04:06]} 35. hxg6 {[%clk 0:04:32]} Rhe7 {[%clk 0:04:31]} 36. g7
{[%clk 0:02:45]} Rxg7 {[%clk 0:04:32]} 37. Rxe6 {[%clk 0:03:13]} Rge7
{[%clk 0:04:23]} 38. Rde3 {[%clk 0:02:54]} Rxe6 {[%clk 0:02:51]} 39. Rxe6
{[%clk 0:03:23]} Qf8 {[%clk 0:02:47]} 40. Qe3 {[%clk 0:03:01]} Qd8
{[%clk 0:02:12]} 41. Kb2 {[%clk 0:02:38]} b4 {[%clk 0:02:20]} 42. Qf3
{[%clk 0:01:24]} Qb6 {[%clk 0:01:45]} 43. Qe3 {[%clk 0:00:44]} bxc3+
{[%clk 0:01:29]} 44. Qxc3 {[%clk 0:01:12]} Rxd4 {[%clk 0:00:50]} 45. Rxc6
{[%clk 0:00:51]} Qxc6 {[%clk 0:01:16]} 46. Qxd4 {[%clk 0:01:20]} Qf3
{[%clk 0:01:22]} 47. Qe3 {[%clk 0:00:51]} Qd5 {[%clk 0:00:48]} 48. Qe7+
{[%clk 0:00:48]} 1/2-1/2

[Event "Eliminacje Miedzywojewodzkie MA-WM C13"]
[Site "Brok"]
[Date "2022.09.13"]
[Round "4.2"]
[White "Przybylski, Jan"]
[Black "Urych, Krzysztof"]
[Result "0-1"]
[BlackElo "1328"]
[WhiteElo "1704"]
[LiveChessVersion "1.4.8"]

1. e4 {[%clk 1:30:52]} e6 {[%clk 1:30:55]} 2. d4 {[%clk 1:31:12]} d5
{[%clk 1:31:23]} 3. Nd2 {[%clk 1:31:08]} Nf6 {[%clk 1:31:47]} 4. e5
{[%clk 1:30:04]} Nfd7 {[%clk 1:32:10]} 5. Bd3 {[%clk 1:29:47]} c5
{[%clk 1:32:34]} 6. c3 {[%clk 1:29:52]} Nc6 {[%clk 1:33:00]} 7. Ne2
{[%clk 1:29:37]} cxd4 {[%clk 1:33:23]} 8. cxd4 {[%clk 1:30:02]} f6
{[%clk 1:33:49]} 9. Nf4 {[%clk 1:22:42]} Nxd4 {[%clk 1:34:12]} 10. Qh5+
{[%clk 1:22:58]} Ke7 {[%clk 1:34:38]} 11. Ng6+ {[%clk 1:22:01]} hxg6
{[%clk 1:35:01]} 12. exf6+ {[%clk 1:21:57]} Kxf6 {[%clk 1:35:20]} 13. Qxh8
{[%clk 1:22:03]} Kf7 {[%clk 1:35:47]} 14. O-O {[%clk 1:11:38]} Nc5
{[%clk 1:36:14]} 15. Bb1 {[%clk 1:06:27]} e5 {[%clk 1:36:13]} 16. b4
{[%clk 0:57:02]} Nce6 {[%clk 1:36:38]} 17. Bb2 {[%clk 0:55:50]} Qg5
{[%clk 1:07:54]} 18. Bxd4 {[%clk 0:36:17]} Nxd4 {[%clk 1:07:51]} 19. f4
{[%clk 0:33:25]} exf4 {[%clk 0:51:32]} 20. Bd3 {[%clk 0:25:44]} Bg4
{[%clk 0:36:08]} 21. Kh1 {[%clk 0:11:41]} Re8 {[%clk 0:10:34]} 22. Qh7
{[%clk 0:07:33]} Bh5 {[%clk 0:04:50]} 23. Nf3 {[%clk 0:04:40]} Nxf3
{[%clk 0:04:26]} 24. Rxf3 Bxf3 {[%clk 0:04:23]} 25. gxf3 {[%clk 0:05:03]} Qh6
{[%clk 0:04:15]} 26. Qxh6 {[%clk 0:05:11]} gxh6 {[%clk 0:04:43]} 27. Kg2
{[%clk 0:04:45]} Re3 {[%clk 0:04:08]} 28. Bf1 {[%clk 0:04:46]} Bxb4
{[%clk 0:04:11]} 29. Rb1 {[%clk 0:05:01]} a5 {[%clk 0:04:15]} 30. a4
{[%clk 0:05:21]} Ke6 {[%clk 0:04:09]} 31. Bb5 {[%clk 0:04:09]} g5
{[%clk 0:02:18]} 32. Rd1 {[%clk 0:03:28]} Bc5 {[%clk 0:02:22]} 33. Rd2
{[%clk 0:03:13]} b6 {[%clk 0:02:11]} 34. Re2 {[%clk 0:01:47]} Ke5
{[%clk 0:01:39]} 35. Rxe3+ {[%clk 0:01:36]} fxe3 {[%clk 0:01:07]} 36. Kf1
{[%clk 0:01:58]} Kf4 {[%clk 0:00:38]} 37. Ke2 {[%clk 0:02:01]} d4
{[%clk 0:00:39]} 38. Bd3 {[%clk 0:01:04]} g4 {[%clk 0:00:48]} 39. fxg4
{[%clk 0:01:11]} Kxg4 {[%clk 0:01:17]} 40. Kf1 {[%clk 0:01:01]} Kh3
{[%clk 0:01:37]} 41. Kg1 {[%clk 0:01:21]} Bd6 {[%clk 0:02:05]} 42. Bf5+
{[%clk 0:01:37]} Kh4 {[%clk 0:02:25]} 43. Bd3 {[%clk 0:02:05]} Kg4
{[%clk 0:02:42]} 44. Kg2 {[%clk 0:02:30]} Kf4 {[%clk 0:01:42]} 45. h3
{[%clk 0:01:52]} Be5 {[%clk 0:01:34]} 46. Kf1 {[%clk 0:01:27]} Kg3
{[%clk 0:00:45]} 47. Bf5 {[%clk 0:01:50]} Kf3 {[%clk 0:01:10]} 48. Bd3
{[%clk 0:02:13]} Bg3 49. Bb5 {[%clk 0:02:10]} Bf2 {[%clk 0:00:41]} 50. Ba6
{[%clk 0:02:10]} Kg3 {[%clk 0:00:59]} 51. h4 {[%clk 0:01:58]} Kxh4
{[%clk 0:01:17]} 52. Kg2 {[%clk 0:02:27]} Kg4 {[%clk 0:01:29]} 53. Be2+
{[%clk 0:02:44]} Kf4 {[%clk 0:01:47]} 54. Bd3 {[%clk 0:03:12]} h5
{[%clk 0:02:07]} 55. Ba6 {[%clk 0:03:28]} Ke4 {[%clk 0:02:17]} 56. Bb7+
{[%clk 0:03:55]} Kd3 {[%clk 0:02:35]} 57. Kf3 {[%clk 0:04:17]} Kd2
{[%clk 0:02:58]} 58. Ba6 {[%clk 0:04:44]} 0-1

[Event "Eliminacje Miedzywojewodzkie MA-WM C13"]
[Site "Brok"]
[Date "2022.09.13"]
[Round "4.3"]
[White "Rzap, Filip"]
[Black "Krogulski, Maksymilian"]
[Result "0-1"]
[BlackElo "1559"]
[WhiteElo "1391"]
[LiveChessVersion "1.4.8"]

1. d4 {[%clk 1:30:58]} d5 {[%clk 1:31:00]} 2. c4 {[%clk 1:31:20]} c6
{[%clk 1:31:29]} 3. Nf3 {[%clk 1:31:42]} e6 {[%clk 1:31:53]} 4. Nc3
{[%clk 1:32:03]} dxc4 {[%clk 1:31:40]} 5. a4 {[%clk 1:32:08]} Bb4
{[%clk 1:32:05]} 6. e3 {[%clk 1:32:11]} b5 {[%clk 1:32:29]} 7. Bd2
{[%clk 1:31:03]} Bxc3 {[%clk 1:32:34]} 8. Bxc3 {[%clk 1:30:54]} Bb7
{[%clk 1:32:22]} 9. axb5 {[%clk 1:28:52]} cxb5 10. b3 {[%clk 1:29:04]} Qc8
{[%clk 1:31:00]} 11. bxc4 {[%clk 1:26:21]} bxc4 {[%clk 1:31:29]} 12. Qa4+
{[%clk 1:25:12]} Nd7 {[%clk 1:31:16]} 13. d5 {[%clk 1:18:11]} Ngf6
{[%clk 1:28:43]} 14. dxe6 {[%clk 1:10:01]} fxe6 {[%clk 1:29:11]} 15. Ne5
{[%clk 0:35:57]} O-O {[%clk 1:27:11]} 16. Rc1 {[%clk 0:33:48]} Nb6
{[%clk 1:27:22]} 17. Qa1 {[%clk 0:31:00]} Ne4 {[%clk 1:26:15]} 18. f3
{[%clk 0:26:03]} Qc5 {[%clk 1:15:03]} 19. Bd4 {[%clk 0:20:01]} Qb4+
{[%clk 1:14:36]} 20. Ke2 Qd2# 0-1

[Event "Eliminacje Miedzywojewodzkie MA-WM C13"]
[Site "Brok"]
[Date "2022.09.13"]
[Round "4.4"]
[White "Olszewski, Antoni"]
[Black "Kowalski, Witold"]
[Result "1-0"]
[BlackElo "1525"]
[WhiteElo "1351"]
[LiveChessVersion "1.4.8"]

1. e4 {[%clk 1:30:07]} c5 {[%clk 1:30:37]} 2. Nf3 {[%clk 1:30:12]} Nc6
{[%clk 1:30:55]} 3. d4 {[%clk 1:30:29]} cxd4 {[%clk 1:31:19]} 4. Nxd4
{[%clk 1:30:54]} g6 {[%clk 1:31:41]} 5. Nc3 {[%clk 1:29:58]} Bg7 {[%clk 1:32:01]}
6. Be3 {[%clk 1:29:55]} Nf6 {[%clk 1:29:35]} 7. Be2 {[%clk 1:19:36]} O-O
{[%clk 1:17:09]} 8. Qd2 {[%clk 1:18:11]} d6 {[%clk 1:00:21]} 9. f3
{[%clk 1:16:24]} Bd7 {[%clk 0:53:35]} 10. O-O-O {[%clk 1:14:50]} a6
{[%clk 0:42:20]} 11. g4 {[%clk 1:09:37]} Nxd4 {[%clk 0:39:41]} 12. Bxd4
{[%clk 1:09:47]} b5 {[%clk 0:33:23]} 13. h4 {[%clk 1:02:16]} Rc8 {[%clk 0:25:36]}
14. Nd5 {[%clk 0:52:33]} Nxd5 {[%clk 0:19:24]} 15. exd5 {[%clk 0:52:12]} e5
{[%clk 0:09:38]} 16. dxe6 {[%clk 0:49:28]} Bxe6 {[%clk 0:09:41]} 17. Bxg7
{[%clk 0:49:46]} Kxg7 {[%clk 0:09:29]} 18. h5 {[%clk 0:37:12]} Rc7
{[%clk 0:02:20]} 19. Qd4+ {[%clk 0:22:38]} Kg8 {[%clk 0:02:18]} 20. Kb1
{[%clk 0:21:25]} Re7 {[%clk 0:01:14]} 21. Bd3 {[%clk 0:19:42]} Rd7
{[%clk 0:00:55]} 22. Rde1 {[%clk 0:16:49]} Qe7 {[%clk 0:00:37]} 23. hxg6
{[%clk 0:16:09]} fxg6 {[%clk 0:01:00]} 24. Bxg6 {[%clk 0:16:08]} Rxf3
{[%clk 0:00:43]} 25. Bf5 {[%clk 0:11:27]} Qg7 {[%clk 0:00:35]} 26. Bxe6+
{[%clk 0:11:16]} Kh8 {[%clk 0:00:45]} 27. Qe4 {[%clk 0:11:22]} 1-0

[Event "Eliminacje Miedzywojewodzkie MA-WM C13"]
[Site "Brok"]
[Date "2022.09.13"]
[Round "4.5"]
[White "Baranowski, Jan"]
[Black "Terkiewicz, Bruno"]
[Result "0-1"]
[BlackElo "1846"]
[WhiteElo "1216"]
[LiveChessVersion "1.4.8"]

1. e4 {[%clk 1:30:54]} c5 {[%clk 1:30:56]} 2. Nf3 {[%clk 1:31:19]} d6
{[%clk 1:31:23]} 3. d4 {[%clk 1:31:36]} cxd4 {[%clk 1:31:49]} 4. Nxd4
{[%clk 1:32:01]} Nf6 {[%clk 1:32:15]} 5. Nc3 {[%clk 1:32:15]} a6 {[%clk 1:32:42]}
6. Be3 {[%clk 1:32:35]} e5 {[%clk 1:32:10]} 7. Nb3 {[%clk 1:32:09]} Be7
{[%clk 1:32:15]} 8. f3 {[%clk 1:30:56]} Be6 {[%clk 1:32:24]} 9. Qd2
{[%clk 1:29:26]} O-O {[%clk 1:32:00]} 10. O-O-O {[%clk 1:28:20]} Nbd7
{[%clk 1:31:16]} 11. Kb1 {[%clk 1:22:09]} b5 {[%clk 1:30:58]} 12. g4
{[%clk 1:22:00]} b4 {[%clk 1:30:30]} 13. Ne2 {[%clk 1:14:14]} a5 {[%clk 1:30:35]}
14. Ng3 {[%clk 1:10:54]} a4 {[%clk 1:23:34]} 15. Nc1 {[%clk 1:11:02]} b3
{[%clk 1:22:46]} 16. cxb3 {[%clk 1:08:49]} axb3 {[%clk 1:23:10]} 17. a3
{[%clk 1:09:12]} Qb8 {[%clk 1:18:36]} 18. h4 {[%clk 1:00:42]} Rc8
{[%clk 1:15:18]} 19. Bd3 {[%clk 0:56:39]} Nc5 {[%clk 1:10:54]} 20. Rh2
{[%clk 0:44:37]} Nxd3 {[%clk 1:00:01]} 21. Qxd3 {[%clk 0:44:15]} Rc2
{[%clk 0:57:50]} 22. Rxc2 {[%clk 0:40:42]} bxc2+ {[%clk 0:58:12]} 23. Kxc2
{[%clk 0:39:45]} d5 {[%clk 0:43:23]} 24. g5 {[%clk 0:33:56]} dxe4
{[%clk 0:43:37]} 25. Nxe4 {[%clk 0:32:10]} Nxe4 {[%clk 0:43:16]} 26. Qxe4
{[%clk 0:27:29]} Qc8+ {[%clk 0:39:44]} 27. Kd2 {[%clk 0:26:35]} Bf5
{[%clk 0:36:24]} 28. Qxe5 {[%clk 0:22:23]} Qc2+ {[%clk 0:31:33]} 29. Ke1
{[%clk 0:22:38]} Re8 {[%clk 0:31:35]} 30. Qb5 {[%clk 0:04:53]} Bb4+
{[%clk 0:31:00]} 31. axb4 {[%clk 0:05:15]} Rxe3+ {[%clk 0:31:24]} 32. Ne2
{[%clk 0:05:37]} g6 {[%clk 0:28:31]} 33. Rd8+ {[%clk 0:03:48]} Kg7
{[%clk 0:28:35]} 34. Qa6 {[%clk 0:03:38]} Re6 {[%clk 0:27:32]} 35. Qb5
{[%clk 0:03:20]} Qc1+ {[%clk 0:23:16]} 36. Rd1 {[%clk 0:02:23]} Qe3
{[%clk 0:20:29]} 37. h5 {[%clk 0:00:39]} Qg1+ {[%clk 0:18:56]} 38. Kd2
{[%clk 0:01:08]} Rd6+ {[%clk 0:18:43]} 39. Kc3 {[%clk 0:01:37]} Qe3+
{[%clk 0:19:03]} 40. Kc4 {[%clk 0:01:49]} Be6+ {[%clk 0:18:59]} 41. Rd5
{[%clk 0:02:10]} Bxd5+ {[%clk 0:19:24]} 0-1

[Event "Eliminacje Miedzywojewodzkie MA-WM C13"]
[Site "Brok"]
[Date "2022.09.13"]
[Round "4.6"]
[White "Nocek, Dominik"]
[Black "Roclawski, Jakub"]
[Result "1-0"]
[BlackElo "1079"]
[WhiteElo "1627"]
[LiveChessVersion "1.4.8"]

1. e4 {[%clk 1:30:57]} e5 {[%clk 1:30:56]} 2. Nf3 {[%clk 1:31:20]} Nf6
{[%clk 1:31:21]} 3. Nxe5 {[%clk 1:31:43]} d6 {[%clk 1:31:46]} 4. Nf3
{[%clk 1:32:04]} Nxe4 {[%clk 1:32:06]} 5. Nc3 {[%clk 1:32:25]} Nxc3
{[%clk 1:32:31]} 6. dxc3 {[%clk 1:32:48]} Be7 {[%clk 1:32:55]} 7. Be3
{[%clk 1:33:01]} Nc6 {[%clk 1:33:18]} 8. Qd2 {[%clk 1:32:40]} Bg4
{[%clk 1:32:17]} 9. O-O-O {[%clk 1:21:50]} Ne5 {[%clk 1:31:11]} 10. Be2
{[%clk 1:20:23]} Bxf3 {[%clk 1:26:47]} 11. gxf3 {[%clk 1:19:20]} c5
{[%clk 1:20:54]} 12. Rhg1 {[%clk 1:14:17]} g6 {[%clk 1:18:27]} 13. f4
{[%clk 1:09:03]} Nc6 {[%clk 1:16:51]} 14. f5 {[%clk 1:05:00]} Ne5
{[%clk 1:14:31]} 15. f4 {[%clk 1:03:30]} Nc6 {[%clk 1:14:39]} 16. Bc4
{[%clk 0:53:02]} Na5 {[%clk 1:14:13]} 17. Bb5+ {[%clk 0:52:11]} Nc6
{[%clk 1:14:03]} 18. fxg6 {[%clk 0:48:54]} hxg6 {[%clk 1:14:25]} 19. f5
{[%clk 0:47:45]} gxf5 {[%clk 1:14:08]} 20. Qd5 {[%clk 0:44:10]} Qb6
{[%clk 1:13:30]} 21. Bxc6+ {[%clk 0:37:28]} Qxc6 {[%clk 1:12:34]} 22. Qxf5
{[%clk 0:37:19]} Rxh2 {[%clk 1:12:51]} 23. Rg8+ {[%clk 0:35:26]} Bf8
{[%clk 1:13:09]} 24. Bf4 {[%clk 0:27:31]} Rf2 {[%clk 1:11:41]} 25. Re1+
{[%clk 0:25:58]} 1-0

[Event "Eliminacje Miedzywojewodzkie MA-WM C13"]
[Site "Brok"]
[Date "2022.09.13"]
[Round "4.7"]
[White "Kryston, Aleksander"]
[Black "Klim, Juliusz"]
[Result "0-1"]
[BlackElo "1471"]
[WhiteElo "1281"]
[LiveChessVersion "1.4.8"]

1. d4 d5 2. c4 e6 3. Nc3 a6 4. cxd5 exd5 5. Nf3 Nf6 6. Bg5 Be6 7. e3 Nbd7 8. Bd3
Bd6 9. O-O h6 10. Bh4 O-O 11. Rb1 c6 12. b4 Qc7 13. Bg3 Bxg3 14. hxg3 Bg4 15. a4
Ne8 16. Qe2 Nd6 17. Rfc1 Qd8 18. Qd1 Nb6 19. Be2 f5 20. Ne5 Bxe2 21. Qxe2 Nbc4
22. Nxc4 Nxc4 23. Rb3 b5 24. a5 Qg5 25. Nd1 Rae8 26. Nb2 f4 27. gxf4 Qxf4 28.
Rbc3 Qxd4 29. Nd3 Nxe3 30. Ne5 Nc4 31. Nxc6 Qxc3 0-1